00773nam a22002057a 4500999001900000005001700019010001300036020002600049035001200075037001600087082000800103100003300111245008100144246005100225260005300276270005900329300002100388942002700409952013100436 c194262d19426220221212172557.0 aUR-11793 a9789392496110c449.00 aU-10348 bDBAD/PUBa- a844 aکپور، کنھیا لال aمیں دیکھتا چلا گیا /cکنھیا لال کپورhا ر د و aMain Dekhta Chla Gya /bby Kanhaiya Lal Kapoor aNew DelhibEducational Publishing Housec2021 ء aH.o. D1/16, Ansari Road, Darya GanjbNew Delhie110002 a516 صc23cm(Hb) 2ddccURmک پ وh844 001040708NFICaLbLd2022-12-12eDBAD/PUBg449.00l0o844 ک پ وpU-10348r2022-12-12 00:00:00t1v449.00w2022-12-12yUR